Οι Έλληνες και οι ξένοι

Αποθηκεύτηκε σε:
Λεπτομέρειες βιβλιογραφικής εγγραφής
Κύριος συγγραφέας: Dihle, Albrecht
Άλλοι συγγραφείς: Σιετή, Τούλα (trlf)
Μορφή: Βιβλίο
Γλώσσα:Greek
German
Δημοσίευση: Αθήνα : Οδυσσέας, 1998.
Σειρά:Ανθρώπων άστεα
Θέματα:
Ετικέτες: Προσθήκη ετικέτας
Δεν υπάρχουν, Καταχωρήστε ετικέτα πρώτοι!

MARC

LEADER 00000cam a2200000 i 4500
001 1/49082
008 040218s1998 gr | ||| |||| ||gre||
020 |a 9602103272 
035 |l 10072356 
040 |a GR-MyUa   |b gre   |e AACR2  
041 1 |a gre  |h ger 
082 7 |a 938   |2 (23)  
100 1 |a Dihle, Albrecht. 
245 1 3 |a Οι Έλληνες και οι ξένοι /   |c Albrecht Dihle ; μετάφραση: Τούλα Σιέτη.  
260 |a Αθήνα :   |b Οδυσσέας,   |c 1998.  
300 |a 165 σ. ;   |c 21 εκ.  
490 1 |a (Ανθρώπων άστεα)  
500 |a Τίτλος πρωτοτύπου: Die Griechen und die Fremden. 
650 0 |a Civilization, Greco-Roman. 
650 0 |a Aliens  |z Greece  |x Public opinion. 
650 0 |a Public opinion  |z Greece. 
651 0 |a Greece  |x Civilization  |y To 146 B.C. 
700 1 |a Σιετή, Τούλα,  |e trlf 
830 0 |a Ανθρώπων άστεα 
852 |a INST  |b RHODES  |e 20040218  |h 938 DIH  |p 005400019664  |q 005400019664  |t BK  |y 0 
901 |a BIBL4-2004-1 
970 |a Κουλακιότη  |b Λίτσα   |z 2004/02/18